User manual for interactive voiceres phone system (Record no. 136992)

000 -LEADER
fixed length control field 00351nam a2200121Ia 4500
008 - FIXED-LENGTH DATA ELEMENTS--GENERAL INFORMATION
fixed length control field 220120s9999||||xx |||||||||||||| ||und||
082 ## - DEWEY DECIMAL CLASSIFICATION NUMBER
Classification number 621.385 4 BAY
100 ## - MAIN ENTRY--PERSONAL NAME
Personal name Bay Talkitechnology
9 (RLIN) 11734
245 #0 - TITLE STATEMENT
Title User manual for interactive voiceres phone system
260 ## - PUBLICATION, DISTRIBUTION, ETC.
Place of publication, distribution, etc. Bay Talkitechnology
Name of publisher, distributor, etc. Bangalore
300 ## - PHYSICAL DESCRIPTION
Extent 467p.
Other physical details 150
650 ## - SUBJECT ADDED ENTRY--TOPICAL TERM
Topical term or geographic name entry element MATHEMATICS
Holdings
Withdrawn status Lost status Damaged status Not for loan Collection code Home library Current library Date acquired Barcode Date last seen Price effective from Koha item type
        Humanity Science Central Library Central Library 01/20/2022 GF851 01/20/2022 01/20/2022 Gift Books

Powered by Koha